| 000 | 00496nam a2200169Ia 4500 | ||
|---|---|---|---|
| 003 | OSt | ||
| 005 | 20210901115946.0 | ||
| 008 | 190216s9999||||xx |||||||||||||| ||und|| | ||
| 040 | _coclc | ||
| 082 |
_a297 _bALM/I |
||
| 100 |
_aAl Mahmud, Abdullah Ibin Zaid _98730 |
||
| 245 | 0 |
_aIthihaf Al Ahfiyae Bi Risalath Al Anbiyae / _cAbdullah Ibin Zaid Al Mahmud |
|
| 260 | _bMoohim Publication, | ||
| 300 | _a18p | ||
| 650 | _aArabic | ||
| 942 |
_cBK _2ddc _h297 _iALM/I _k297 _mALM/I |
||
| 999 |
_c377 _d377 |
||